000 00436nam a2200181Ia 4500
008 230711s9999||||xx |||||||||||||| ||und||
020 _a978-93-80064-69-7
041 _aENG
082 _a615.105
_bVY-G
100 _aVyawahare,N.S
245 2 _aA Textbook of General Pharmacology
250 _a4th Ed.
260 _c2016
_aPune
_bNirali Prakashan
300 _a12.10p.
650 _aPharmacy
700 _aVora,Saloni
942 _cBK
999 _c7306
_d7306